000 00297 a2200109 4500
001 ART_26517
005 20260410161705.0
008 260409a
245 1 0 _aPositivo por partida doble
100 1 _aOklander, Juan
773 0 _tRevista Impuestos
_g- NÂș 22 (nov. 2008)
_wREV639
999 _c15557
_d15557